Fatal Clash: (Record no. 204017)

MARC details
000 -LEADER
fixed length control field 00621nam a22001937a 4500
005 - DATE AND TIME OF LATEST TRANSACTION
control field 20240708153809.0
010 ## - LCCN (DPL NO)
LC control number ENG-140818
020 ## - INTERNATIONAL STANDARD BOOK NUMBER
Terms of availability 350.00
International Standard Book Number 9789391317829
035 ## - SYSTEM CONTROL NUMBER
System control number EN-124350
037 ## - SOURCE OF ACQUISITION
Source of stock number/acquisition DBAD
082 ## - DEWEY DECIMAL CLASSIFICATION NUMBER
Classification number 883
Edition number 1
100 ## - MAIN ENTRY--PERSONAL NAME
Personal name Bhatnagar, Ashwini
245 ## - TITLE STATEMENT
Title Fatal Clash:
Remainder of title The Rise And Fall of East West Airlines
Statement of responsibility, etc Ashwini Bhatnagar
250 ## - EDITION STATEMENT
Edition statement 1
260 ## - PUBLICATION, DISTRIBUTION, ETC. (IMPRINT)
Place of publication, distribution, etc Noida
Name of publisher, distributor, etc Jitendra Anand Infratech Private Limited
Date of publication, distribution, etc 2022
270 ## - ADDRESS
City Noida
Address 2203, Express Trade Towers-2 Sector-132
Postal code 201304
Electronic mail address jaipl3e@gmail.com
300 ## - PHYSICAL DESCRIPTION
Extent 186p.
Dimensions 20cm (pb)
942 ## - ADDED ENTRY ELEMENTS (KOHA)
Source of classification or shelving scheme Dewey Decimal Classification
Item type English Books
Classification part 883
Call number suffix BHA
Edition 1
Holdings
Withdrawn status Lost status Not for loan Collection code Home library Current library Date acquired Source of acquisition Cost, normal purchase price Full call number Barcode Copy number Cost, replacement price Koha item type
      Non-fiction Shahdara Branch Shahdara Branch 08/07/2024 DBAD 350.00 883 BHA EN-124350 1 350.00 English Books

© Delhi Public Library
Hit Counter
free hit counter